| 000 | 00544cam a22001695i 4500 | ||
|---|---|---|---|
| 999 |
_c12378 _d12378 |
||
| 003 | OSt | ||
| 005 | 20240116160925.0 | ||
| 008 | 220409s2022 sz ae 000 0 eng | ||
| 020 |
_a9783038602385 _qpaperback |
||
| 042 | _apcc | ||
| 082 | _a728.092 | ||
| 245 | 0 | 0 |
_aArchitects on dwelling / _cedited by Christopher Platt. |
| 300 |
_a160 pages : _bmany illustrations (chiefly color), plans ; _c24 cm. |
||
| 906 |
_a0 _bibc _corigres _d3 _encip _f20 _gy-gencatlg |
||
| 942 | _2ddc | ||